Top 10 NBA Players Over 7 Foot Ever - Statistics

General Stats
  • This quiz has been taken 656 times
  • The average score is 6 of 10
Answer Stats
Rank Height Player % Correct
4 7 ft 1 Shaquille O'Neal
90%
10 7 ft 6 Yao Ming
86%
1 7 ft 2 Kareem Abdul-Jabbar
81%
2 7 ft 1 Wilt Chamberlain
79%
3 7 ft 0 Hakeem Olajuwon
72%
5 7 ft 1 David Robinson
53%
6 7 ft 0 Patrick Ewing
44%
8 7 ft 0 Dirk Nowitzki
38%
9 7 ft 2 Dikembe Mutombo
30%
7 7 ft 0 Robert Parish
24%
No matching quizzes found
Score Distribution
Percent of People with Each Score
Percentile by Number Answered
Your Score History
You have not taken this quiz